Normal view
MARC view
Entry Personal Name
001 - CONTROL NUMBER
- control field: 802419
003 - CONTROL NUMBER IDENTIFIER
- control field:
005 - DATE AND TIME OF LATEST TRANSACTION
- control field: 20210627055811.0
008 - FIXED-LENGTH DATA ELEMENTS
- fixed length control field: 210627|| aca||aabn | a|a d
040 ## - CATALOGING SOURCE
- Original cataloging agency:
- Transcribing agency:
100 ## - HEADING--PERSONAL NAME
- Personal name: Harrison, David,
- Dates associated with a name: 1894-
670 ## - SOURCE DATA FOUND
- Source citation: Work cat.: ()671048: Harrison, David, 1894-, A practical epitome of the death duties /, 1941
